Agricultural competitiveness: the case of the European Union countries

Konkurencieschopnosť v poľnohospodárstve 27 krajín EÚ v rokoch 2009-2011. Rozdelenie krajín EÚ do skupín podľa úrovne konkurencieschopnosti. Bola použitá TOPSIS metóda a syntetické merania.

Gespeichert in:
Bibliographische Detailangaben
1. Verfasser: Nowak, Anna
Weitere Verfasser: Kaminska, Agnieszka
Format: Buchkapitel
Sprache:Englisch
Schlagworte:
Tags: Tag hinzufügen
Keine Tags, Fügen Sie das erste Tag hinzu!

MARC

LEADER 00000naa a2200000 4500
001 0227311
005 20221019173020.4
041 0 |a eng 
044 |a CZ 
245 1 0 |a Agricultural competitiveness: the case of the European Union countries  |c Anna Nowak, Agnieszka Kaminska 
520 |a Konkurencieschopnosť v poľnohospodárstve 27 krajín EÚ v rokoch 2009-2011. Rozdelenie krajín EÚ do skupín podľa úrovne konkurencieschopnosti. Bola použitá TOPSIS metóda a syntetické merania. 
610 2 0 |a poľnohospodárstvo 
610 2 0 |a Európska únia 
610 2 0 |a konkurencieschopnosť 
100 1 |a Nowak, Anna 
700 1 |a Kaminska, Agnieszka